| 000 | 00000nam##2200000za#4500 |
| 001 | 9.692895 |
| 003 | CaOODSP |
| 005 | 20210624233423 |
| 007 | cr ||||||||||| |
| 008 | 150407|2009||||xxc|||||o f|0| 0 eng|d |
| 020 | |a978-1-100-14319-4 |
| 040 | |aCaOODSP|beng |
| 043 | |an-cn--- |
| 086 | 1 |aHS64-9/2009E-PDF |
| 110 | 1 |aCanada.|bHuman Resources and Skills Development Canada. |bStrategic Policy and Research Branch. |
| 245 | 10|aSummative evaluation of the Opportunities Fund for Persons with Disabilities : |h[electronic resource]|bfinal report |
| 260 | |aGatineau - Quebec : |bHuman Resources and Skills Development Canada. |cMay 2008. |
| 300 | |a102p.|bfigs., graphs, tables |
| 590 | |a13-05-Supp|b2013-02-27 |
| 690 | 07|aPersons with disabilities|2gcpds |
| 775 | 08|tÉvaluation sommative du Fonds d'intégration pour les personnes handicapées : |w(CaOODSP)9.637103 |
| 856 | 40|ahttp://publications.gc.ca|qPDF|s436 KB|uhttps://publications.gc.ca/collections/collection_2013/rhdcc-hrsdc/HS64-9-2009-eng.pdf |
| 986 | |aSP-AH-923-11-09E |